[Event "Quebec-ch classe"]
[Site "Montreal CAN"]
[Date "2012.01.22"]
[Round "4"]
[White "Lepine, Cedric"]
[Black "Chabot, Roland"]
[Result "0-1"]
[WhiteElo "2068"]
[BlackElo "2129"]
[PlyCount "76"]
[GameId "2160767909572741"]
[EventDate "2012.01.20"]
[EventType "swiss"]
[EventRounds "5"]
[EventCountry "CAN"]
[SourceTitle "EXT 2022"]
[Source "ChessBase"]
[SourceDate "2021.10.06"]
[SourceVersion "1"]
[SourceVersionDate "2021.10.06"]
[SourceQuality "1"]

1. d4 Nf6 2. c4 d6 3. Nc3 Nbd7 4. g3 e5 5. Bg2 Be7 6. Nf3 O-O 7. O-O c6 8. d5 cxd5 9. cxd5 a6 10. Ne1 Re8 11. Nd3 Bf8 12. e4 Nb6 13. f4 h6 14. f5 Bd7 15. b3 Rc8 16. Bd2 Be7 17. Rc1 Na8 18. Be3 b5 19. Bf3 Rc7 20. Rf2 Qb8 21. Rfc2 Rec8 22. a3 Bd8 23. Qd2 a5 24. Kg2 Be8 25. a4 bxa4 26. bxa4 Nb6 27. Rb2 Rb7 28. Nb5 Nc4 29. Rbc2 Nxe3+ 30. Qxe3 Rxc2+ 31. Rxc2 Bxb5 32. axb5 Rxb5 33. Bd1 Bb6 34. Qe2 Rb1 35. Rc6 Nxe4 36. Qxe4 Rxd1 37. Qg4 Rd2+ 38. Kh3 Bg1 0-1

[Event "Quebec-ch classe"]
[Site "Montreal CAN"]
[Date "2012.01.22"]
[Round "4"]
[White "Libersan, Thierry"]
[Black "Cvetkovic, Simeon"]
[Result "1-0"]
[WhiteElo "2118"]
[BlackElo "1989"]
[PlyCount "79"]
[GameId "2160767909572742"]
[EventDate "2012.01.20"]
[EventType "swiss"]
[EventRounds "5"]
[EventCountry "CAN"]
[SourceTitle "EXT 2022"]
[Source "ChessBase"]
[SourceDate "2021.10.06"]
[SourceVersion "1"]
[SourceVersionDate "2021.10.06"]
[SourceQuality "1"]

1. e4 c5 2. Nf3 d6 3. d4 cxd4 4. Qxd4 Nc6 5. Bb5 Bd7 6. Bxc6 Bxc6 7. Nc3 Nf6 8. Bg5 e6 9. O-O-O Be7 10. Qd3 Qc7 11. Nd4 a6 12. f4 h6 13. Bxf6 gxf6 14. Kb1 O-O-O 15. f5 Bd7 16. fxe6 fxe6 17. Nce2 e5 18. Nc3 Rde8 19. Nd5 Qd8 20. Ne2 Bf8 21. Rhf1 Re6 22. Rf3 Rg8 23. g3 Kb8 24. c4 Rg6 25. Nec3 h5 26. Ne3 Qe8 27. Nf5 Bc6 28. Nd5 Qd8 29. Rdf1 Rg5 30. Nfe3 Rg6 31. Nf5 Rg5 32. Ka1 Qe8 33. Rd1 Qd8 34. b4 Qe8 35. Rb1 b5 36. Rc1 Kb7 37. cxb5 axb5 38. Qd2 Rg4 39. Qf2 Qd8 40. Ra3 1-0

[Event "Quebec-ch classe"]
[Site "Montreal CAN"]
[Date "2012.01.22"]
[Round "4"]
[White "Prahov, Valentin"]
[Black "Chiku-Ratte, Olivier-Kenta"]
[Result "1-0"]
[WhiteElo "2109"]
[BlackElo "2165"]
[PlyCount "115"]
[GameId "2160767909572743"]
[EventDate "2012.01.20"]
[EventType "swiss"]
[EventRounds "5"]
[EventCountry "CAN"]
[SourceTitle "EXT 2022"]
[Source "ChessBase"]
[SourceDate "2021.10.06"]
[SourceVersion "1"]
[SourceVersionDate "2021.10.06"]
[SourceQuality "1"]

1. e4 c5 2. d4 cxd4 3. c3 d3 4. Bxd3 d6 5. Nf3 Nc6 6. O-O g6 7. Be3 Bg7 8. Nbd2 Bg4 9. h3 Bxf3 10. Nxf3 Nf6 11. Qd2 O-O 12. Rad1 Nd7 13. Bc4 Rb8 14. Bd5 Qc7 15. Nd4 a6 16. Bg5 Nf6 17. Bh6 Rfd8 18. Bxg7 Kxg7 19. Rfe1 e6 20. Bb3 Qe7 21. Qe2 Rbc8 22. Nxc6 Rxc6 23. e5 dxe5 24. Qxe5 Rcd6 25. Rxd6 Qxd6 26. Qxd6 Rxd6 27. Rd1 Ne8 28. Kf1 Kf6 29. Ke2 Ke5 30. Ke3 Rxd1 31. Bxd1 Nd6 32. b3 g5 33. Bf3 b6 34. Kd3 Ne8 35. Bb7 Nc7 36. c4 f5 37. b4 Kd6 38. Bc8 h5 39. g3 b5 40. c5+ Kd5 41. f4 gxf4 42. gxf4 Kc6 43. Kd4 Nd5 44. Bxe6 Nxf4 45. Bxf5 Ne2+ 46. Ke3 Nc3 47. a3 Nd5+ 48. Kd4 Nf4 49. Ke5 Ne2 50. h4 a5 51. Be4+ Kc7 52. bxa5 Nc3 53. Bf3 Nb1 54. Bxh5 Nxa3 55. Kd4 Nc4 56. a6 Kb8 57. Be2 Na5 58. Bxb5 1-0

[Event "Quebec-ch classe"]
[Site "Montreal CAN"]
[Date "2012.01.22"]
[Round "4"]
[White "Robichaud, Louis"]
[Black "Kraiouchkine, Nikita"]
[Result "0-1"]
[WhiteElo "1998"]
[BlackElo "2331"]
[PlyCount "76"]
[GameId "2160767909572744"]
[EventDate "2012.01.20"]
[EventType "swiss"]
[EventRounds "5"]
[EventCountry "CAN"]
[SourceTitle "EXT 2022"]
[Source "ChessBase"]
[SourceDate "2021.10.06"]
[SourceVersion "1"]
[SourceVersionDate "2021.10.06"]
[SourceQuality "1"]

1. e4 e5 2. Nf3 Nc6 3. Bb5 a6 4. Ba4 Nf6 5. O-O b5 6. Bb3 Be7 7. Re1 O-O 8. c3 d6 9. h3 Na5 10. Bc2 c5 11. d4 Qc7 12. Nbd2 Bb7 13. Nf1 cxd4 14. cxd4 Rac8 15. Bd3 exd4 16. Ng3 Nc6 17. a3 g6 18. Bf4 Nd7 19. Rc1 Qb6 20. Bh6 Rfe8 21. Ng5 Bf6 22. f4 Nc5 23. Rf1 b4 24. Rxc5 Qxc5 25. e5 Bxg5 26. Ne4 Bxh6 27. Nxc5 dxc5 28. h4 bxa3 29. bxa3 Ne7 30. Bc4 Bd5 31. Bxa6 Rb8 32. Rf2 Rb3 33. a4 Nf5 34. h5 Reb8 35. Bb5 c4 36. hxg6 hxg6 37. g4 Rd3 38. Qa1 Ne3 0-1

[Event "Quebec-ch classe"]
[Site "Montreal CAN"]
[Date "2012.01.22"]
[Round "4"]
[White "Zhu, Hong Rui"]
[Black "Gueorguiev, Valentin"]
[Result "1-0"]
[WhiteElo "2130"]
[BlackElo "1988"]
[PlyCount "107"]
[GameId "2160767909572745"]
[EventDate "2012.01.20"]
[EventType "swiss"]
[EventRounds "5"]
[EventCountry "CAN"]
[SourceTitle "EXT 2022"]
[Source "ChessBase"]
[SourceDate "2021.10.06"]
[SourceVersion "1"]
[SourceVersionDate "2021.10.06"]
[SourceQuality "1"]

1. e4 g6 2. d4 Bg7 3. c4 c5 4. d5 d6 5. Bd3 Qa5+ 6. Qd2 Qxd2+ 7. Nxd2 Na6 8. a3 Nc7 9. Rb1 Nf6 10. h3 O-O 11. Ngf3 Nd7 12. O-O Ne5 13. Nxe5 Bxe5 14. f4 Bd4+ 15. Kh2 f5 16. Nf3 Bg7 17. e5 Rb8 18. b3 b5 19. Bd2 Ba6 20. Ba5 Rfc8 21. exd6 exd6 22. Rfe1 b4 23. Bxc7 Rxc7 24. axb4 cxb4 25. Re6 Rd8 26. Rbe1 Bc8 27. Re7 Rxe7 28. Rxe7 a6 29. Kg3 Kf8 30. Rc7 h6 31. Nh4 Bf6 32. Nxg6+ Ke8 33. Rh7 Bd7 34. Nh4 a5 35. Bc2 Rb8 36. Nxf5 Bxf5 37. Bxf5 Kd8 38. Rxh6 Ke7 39. Rh7+ Kf8 40. Ra7 Re8 41. Be6 Bd8 42. Kf3 Re7 43. Rxe7 Bxe7 44. g4 Bf6 45. g5 Bc3 46. Bf5 Bd4 47. h4 Kg7 48. Bc2 Bc3 49. h5 Bd4 50. h6+ Kh8 51. Kg4 Bc3 52. f5 Be5 53. f6 Bc3 54. f7 1-0

[Event "Quebec-ch classe"]
[Site "Montreal CAN"]
[Date "2012.01.22"]
[Round "5"]
[White "Chiku-Ratte, Olivier-Kenta"]
[Black "Zhu, Hong Rui"]
[Result "1-0"]
[WhiteElo "2165"]
[BlackElo "2130"]
[PlyCount "55"]
[GameId "2160767909572746"]
[EventDate "2012.01.20"]
[EventType "swiss"]
[EventRounds "5"]
[EventCountry "CAN"]
[SourceTitle "hb 2012"]

1. d4 d5 2. c4 e6 3. Nc3 Nf6 4. cxd5 exd5 5. Bg5 Be7 6. Qc2 O-O 7. e3 c6 8. Bd3 Nbd7 9. Nf3 Re8 10. h3 Nf8 11. O-O Bd6 12. Rfe1 Ng6 13. e4 dxe4 14. Nxe4 Be7 15. Bxf6 Bxf6 16. Nxf6+ gxf6 17. Rxe8+ Qxe8 18. Re1 Be6 19. h4 Qd7 20. h5 Nf8 21. Qd2 Bg4 22. Qh6 Bxf3 23. gxf3 Qxd4 24. Bf5 Qd5 25. Qxf6 Nd7 26. Bxd7 Qxh5 27. Re5 Qg6+ 28. Rg5 1-0

[Event "Quebec-ch classe"]
[Site "Montreal CAN"]
[Date "2012.01.22"]
[Round "5"]
[White "Cvetkovic, Simeon"]
[Black "Couture, Jonathan"]
[Result "1-0"]
[WhiteElo "1989"]
[BlackElo "1812"]
[PlyCount "85"]
[GameId "2160767909572747"]
[EventDate "2012.01.20"]
[EventType "swiss"]
[EventRounds "5"]
[EventCountry "CAN"]
[SourceTitle "hb 2012"]

1. g3 Nf6 2. Bg2 d5 3. d3 e5 4. Nd2 Nc6 5. e4 d4 6. Ne2 Bc5 7. h3 O-O 8. f4 exf4 9. gxf4 Nh5 10. Nf3 Be7 11. O-O f6 12. c3 dxc3 13. bxc3 g5 14. d4 gxf4 15. Nxf4 Nxf4 16. Bxf4 Kh8 17. Rb1 Bd6 18. Nh4 Rg8 19. Kh1 Rxg2 20. Kxg2 Qg8+ 21. Kh2 Qxa2+ 22. Ng2 Qe6 23. Qf3 Ne7 24. Bxd6 Qxd6+ 25. Qf4 f5 26. Qxd6 cxd6 27. exf5 Nxf5 28. Rbe1 Bd7 29. Ne3 Nxe3 30. Rxe3 Rg8 31. Re7 Bc6 32. Rf2 Bd5 33. Rc7 b5 34. Rxa7 Bc4 35. Rd7 Rg6 36. Rg2 d5 37. Rxg6 hxg6 38. Kg3 Kg8 39. Kf4 Kf8 40. Kg5 Ke8 41. Rg7 Bd3 42. Rxg6 Kd7 43. h4 1-0

[Event "Quebec-ch classe"]
[Site "Montreal CAN"]
[Date "2012.01.22"]
[Round "5"]
[White "Gueorguiev, Valentin"]
[Black "Poulin, Mathieu"]
[Result "0-1"]
[WhiteElo "1988"]
[BlackElo "2023"]
[PlyCount "116"]
[GameId "2160767909572748"]
[EventDate "2012.01.20"]
[EventType "swiss"]
[EventRounds "5"]
[EventCountry "CAN"]
[SourceTitle "hb 2012"]

1. Nf3 d5 2. g3 Nf6 3. Bg2 c5 4. O-O Nc6 5. b3 e5 6. d3 Be7 7. Bb2 Qc7 8. Nbd2 O-O 9. Re1 Rb8 10. a4 Ne8 11. e4 d4 12. Nc4 Be6 13. Nfd2 b6 14. Rf1 a6 15. f4 exf4 16. gxf4 b5 17. axb5 axb5 18. Na3 f5 19. e5 g5 20. Qf3 Nd8 21. Rae1 Qa5 22. Ndb1 g4 23. Qf2 Nc7 24. c3 dxc3 25. Bxc3 b4 26. Bd2 Bxb3 27. Nc4 Qa6 28. Rc1 Nde6 29. Be3 Rbd8 30. Qe2 Ba4 31. Nbd2 Bc6 32. Ra1 Bxg2 33. Rxa6 Bxf1 34. Qxf1 Nxa6 35. Nb3 Nac7 36. Qe2 Nd5 37. Qf2 Nxe3 38. Qxe3 Nd4 39. Nxd4 Rxd4 40. Na5 Rc8 41. Kg2 Rd5 42. h3 h5 43. hxg4 hxg4 44. Kf1 Kf7 45. Nc4 Rb8 46. Ke2 Rh8 47. Nb6 Rd4 48. e6+ Kg6 49. Qe5 Rh2+ 50. Ke3 Rh3+ 51. Ke2 Rhxd3 52. Qc7 Rd2+ 53. Kf1 Rd1+ 54. Ke2 R4d2+ 55. Ke3 Rd3+ 56. Ke2 R1d2+ 57. Kf1 Rb3 58. Ke1 Rh2 0-1

[Event "Quebec-ch classe"]
[Site "Montreal CAN"]
[Date "2012.01.22"]
[Round "5"]
[White "Hebert, Jean"]
[Black "Jiang, Louie"]
[Result "1-0"]
[WhiteElo "2412"]
[BlackElo "2349"]
[PlyCount "93"]
[GameId "2160767909572749"]
[EventDate "2012.01.20"]
[EventType "swiss"]
[EventRounds "5"]
[EventCountry "CAN"]
[SourceTitle "hb 2012"]

1. Nf3 Nf6 2. c4 e6 3. d4 b6 4. e3 Bb7 5. Bd3 Bb4+ 6. Bd2 Bxd2+ 7. Nbxd2 d5 8. cxd5 Nxd5 9. Qa4+ Qd7 10. Qb3 Nc6 11. Rc1 f6 12. O-O a6 13. Rfd1 O-O-O 14. a3 g5 15. Be4 h5 16. h4 g4 17. Ne1 Nde7 18. Nd3 g3 19. fxg3 Kb8 20. Nf4 Nd5 21. Bxd5 exd5 22. Rf1 Ne7 23. Qd3 Bc6 24. Rf3 Bb5 25. Qc2 Qd6 26. Kh2 Rc8 27. b4 Bd7 28. e4 dxe4 29. Nxe4 Qxd4 30. Rd1 Ba4 31. Qxa4 Qxe4 32. Qxa6 Nc6 33. Qd3 Qe8 34. Qe2 Ne5 35. Rc3 Ng4+ 36. Kg1 Qe5 37. Qxe5 fxe5 38. Nh3 Rhd8 39. Rxd8 Rxd8 40. Nf2 Nf6 41. Rd3 Rxd3 42. Nxd3 e4 43. Ne5 c5 44. b5 Kc7 45. Nc4 Nd5 46. g4 hxg4 47. h5 1-0

[Event "Quebec-ch classe"]
[Site "Montreal CAN"]
[Date "2012.01.22"]
[Round "5"]
[White "Kovalyov, Anton"]
[Black "Chabot, Roland"]
[Result "1-0"]
[WhiteElo "2599"]
[BlackElo "2129"]
[PlyCount "91"]
[GameId "2160767909572750"]
[EventDate "2012.01.20"]
[EventType "swiss"]
[EventRounds "5"]
[EventCountry "CAN"]
[SourceTitle "hb 2012"]

1. c4 d6 2. d4 Nf6 3. Nf3 Nbd7 4. Nc3 c6 5. e4 e5 6. Be2 Be7 7. O-O O-O 8. Qc2 a6 9. Rd1 Qc7 10. Bg5 Re8 11. Rac1 Nf8 12. c5 dxc5 13. dxe5 Ng4 14. Bf4 Ng6 15. Bg3 N6xe5 16. Nxe5 Nxe5 17. f4 Ng4 18. Re1 Nf6 19. Bf3 c4 20. Kh1 b5 21. e5 Nd5 22. Nxd5 cxd5 23. Bxd5 Bb7 24. Bxf7+ Kxf7 25. Qxh7 Bxg2+ 26. Kxg2 Qc6+ 27. Re4 Bb4 28. Rd1 Re6 29. Kf3 Rh6 30. Qf5+ Kg8 31. Qd7 Qg6 32. Qg4 Qc6 33. Qd7 Qg6 34. Rd5 Re8 35. a4 Re6 36. axb5 axb5 37. Rxb5 Qh5+ 38. Ke3 Bf8 39. Rb8 Qf5 40. Qd5 Kh7 41. Rxc4 Rhg6 42. Rcc8 Rgf6 43. Rxf8 Rxf8 44. Rxf8 Qxf8 45. Qxe6 Qc5+ 46. Kf3 1-0

[Event "Quebec-ch classe"]
[Site "Montreal CAN"]
[Date "2012.01.22"]
[Round "5"]
[White "Kraiouchkine, Nikita"]
[Black "Prahov, Valentin"]
[Result "1-0"]
[WhiteElo "2331"]
[BlackElo "2109"]
[PlyCount "59"]
[GameId "2160767909572751"]
[EventDate "2012.01.20"]
[EventType "swiss"]
[EventRounds "5"]
[EventCountry "CAN"]
[SourceTitle "EXT 2022"]
[Source "ChessBase"]
[SourceDate "2021.10.06"]
[SourceVersion "1"]
[SourceVersionDate "2021.10.06"]
[SourceQuality "1"]

1. d4 Nf6 2. Nf3 g6 3. c4 Bg7 4. g3 O-O 5. Bg2 c6 6. b3 d5 7. Bb2 a5 8. c5 b6 9. cxb6 Qxb6 10. Nc3 a4 11. Ba3 axb3 12. Qxb3 Qxb3 13. axb3 Re8 14. O-O Bf5 15. Rfc1 Nfd7 16. e3 e5 17. Bd6 Rxa1 18. Rxa1 exd4 19. exd4 Be4 20. Nxe4 dxe4 21. Ng5 Bxd4 22. Rd1 c5 23. Nxe4 Na6 24. Ng5 h6 25. Nf3 Bf6 26. Bf1 Nb4 27. Bb5 Ne5 28. Bxe8 Nxf3+ 29. Kg2 Ne5 30. Bxc5 1-0

[Event "Quebec-ch classe"]
[Site "Montreal CAN"]
[Date "2012.01.22"]
[Round "5"]
[White "Lopez Linares, Lizandro"]
[Black "Libersan, Thierry"]
[Result "1-0"]
[WhiteElo "2065"]
[BlackElo "2118"]
[PlyCount "77"]
[GameId "2160767909572752"]
[EventDate "2012.01.20"]
[EventType "swiss"]
[EventRounds "5"]
[EventCountry "CAN"]
[SourceTitle "EXT 2022"]
[Source "ChessBase"]
[SourceDate "2021.10.06"]
[SourceVersion "1"]
[SourceVersionDate "2021.10.06"]
[SourceQuality "1"]

1. d4 d5 2. Nf3 Nf6 3. c4 e6 4. Nc3 Be7 5. Bg5 Nbd7 6. cxd5 exd5 7. Qc2 O-O 8. e3 c6 9. Bd3 Re8 10. O-O Ne4 11. Bxe4 dxe4 12. Nxe4 Nf8 13. Bxe7 Qxe7 14. Ng3 Ng6 15. h3 Be6 16. Rfe1 a5 17. e4 Qd7 18. Kh2 h6 19. Rad1 a4 20. b4 axb3 21. axb3 Nf4 22. Ne5 Qc8 23. Nd3 Nxd3 24. Rxd3 Qb8 25. Qd2 Ra6 26. f4 f6 27. f5 Bf7 28. e5 fxe5 29. dxe5 Bd5 30. Qf4 Ra2 31. Rxd5 cxd5 32. Nh5 Rf8 33. Qg4 Qc7 34. f6 Rf7 35. Kh1 Qc3 36. Qd1 Qb2 37. Qxd5 Qf2 38. Rd1 gxf6 39. e6 1-0

[Event "Quebec-ch classe"]
[Site "Montreal CAN"]
[Date "2012.01.22"]
[Round "5"]
[White "Luo, Zhao Yang"]
[Black "Hirth, Julien"]
[Result "1/2-1/2"]
[WhiteElo "2094"]
[BlackElo "2058"]
[PlyCount "84"]
[GameId "2160767909572753"]
[EventDate "2012.01.20"]
[EventType "swiss"]
[EventRounds "5"]
[EventCountry "CAN"]
[SourceTitle "hb 2012"]

1. d4 Nf6 2. Nf3 g6 3. Bg5 Bg7 4. Nbd2 O-O 5. c3 d6 6. e4 c5 7. dxc5 dxc5 8. Be2 Nc6 9. O-O Qc7 10. Qc2 Be6 11. Nc4 b5 12. Ne3 Rab8 13. Bh4 Qa5 14. Nd2 Rfd8 15. Nb3 Qb6 16. Rfd1 a5 17. Bg3 Ra8 18. Bf3 a4 19. Nd2 Rac8 20. Ndf1 Nd4 21. cxd4 cxd4 22. Qe2 dxe3 23. Nxe3 Rxd1+ 24. Qxd1 Qc5 25. a3 Nd7 26. Qe2 Ne5 27. Rd1 Nc4 28. Nxc4 Bxc4 29. Qc2 h5 30. Be2 Kh7 31. h3 Bb3 32. Qxc5 Rxc5 33. Rd2 Rc1+ 34. Kh2 Rc2 35. Rxc2 Bxc2 36. e5 Bh6 37. f4 h4 38. Bxh4 Bxf4+ 39. g3 Bxe5 40. Bxe7 Bxb2 41. Bxb5 g5 42. g4 Kg6 1/2-1/2

[Event "Quebec-ch classe"]
[Site "Montreal CAN"]
[Date "2012.01.22"]
[Round "5"]
[White "Robichaud, Louis"]
[Black "Lepine, Cedric"]
[Result "1-0"]
[WhiteElo "1998"]
[BlackElo "2068"]
[PlyCount "47"]
[GameId "2160767909572754"]
[EventDate "2012.01.20"]
[EventType "swiss"]
[EventRounds "5"]
[EventCountry "CAN"]
[SourceTitle "EXT 2022"]
[Source "ChessBase"]
[SourceDate "2021.10.06"]
[SourceVersion "1"]
[SourceVersionDate "2021.10.06"]
[SourceQuality "1"]

1. e4 Nf6 2. e5 Nd5 3. c4 Nb6 4. d4 d6 5. f4 dxe5 6. fxe5 Nc6 7. Be3 Bf5 8. Nc3 e6 9. Be2 Nb4 10. Rc1 c5 11. d5 exd5 12. cxd5 N4xd5 13. Nxd5 Qxd5 14. Bb5+ Bd7 15. Bxd7+ Qxd7 16. Bxc5 Qxd1+ 17. Kxd1 Rd8+ 18. Ke2 Rd5 19. Bxb6 Rxe5+ 20. Be3 g6 21. Nf3 Re7 22. Rhd1 f6 23. Rc8+ Kf7 24. Rdd8 1-0

[Event "Quebec-ch qual."]
[Site "Gatineau CAN"]
[Date "2012.01.17"]
[Round "2"]
[White "Gagnon, Fabien"]
[Black "Berthiaume, Patrick"]
[Result "1-0"]
[WhiteElo "1966"]
[BlackElo "1312"]
[PlyCount "69"]
[GameId "2160767909573208"]
[EventDate "2012.01.??"]
[EventType "swiss"]
[EventRounds "5"]
[EventCountry "CAN"]
[SourceTitle "EXT 2022"]
[Source "ChessBase"]
[SourceDate "2021.10.06"]
[SourceVersion "1"]
[SourceVersionDate "2021.10.06"]
[SourceQuality "1"]

1. e4 e6 2. d3 c5 3. Nf3 Nc6 4. g3 d6 5. Bg2 Nf6 6. O-O Be7 7. Nc3 a6 8. d4 cxd4 9. Nxd4 Bd7 10. Nb3 O-O 11. a4 e5 12. Bg5 Be6 13. Bxf6 Bxf6 14. Nd5 Be7 15. Qd2 Qd7 16. Nb6 Qc7 17. Nxa8 Rxa8 18. Rad1 h6 19. Nc1 Bg5 20. Qxd6 Qxd6 21. Rxd6 Be7 22. Rd2 Nd4 23. c3 Nc6 24. Rfd1 Kf8 25. Bf1 Rd8 26. Rxd8+ Bxd8 27. b4 Bg5 28. Nd3 b6 29. Nb2 Ke7 30. h4 Bf6 31. Bxa6 Nb8 32. Bb5 Bg4 33. Re1 g5 34. hxg5 Bxg5 35. Nc4 1-0

[Event "Quebec-ch qual."]
[Site "Gatineau CAN"]
[Date "2012.01.24"]
[Round "3"]
[White "Danilov, Alex"]
[Black "Gagnon, Fabien"]
[Result "0-1"]
[WhiteElo "1745"]
[BlackElo "1966"]
[PlyCount "94"]
[GameId "2160767909573209"]
[EventDate "2012.01.??"]
[EventType "swiss"]
[EventRounds "5"]
[EventCountry "CAN"]
[SourceTitle "EXT 2022"]
[Source "ChessBase"]
[SourceDate "2021.10.06"]
[SourceVersion "1"]
[SourceVersionDate "2021.10.06"]
[SourceQuality "1"]

1. Nf3 c5 2. c4 b6 3. g3 Bb7 4. Bg2 Nf6 5. O-O e6 6. Nc3 Be7 7. d3 O-O 8. e3 d5 9. b3 Nc6 10. Bb2 Qd7 11. a3 Rad8 12. Qc2 dxc4 13. dxc4 Qd3 14. Qxd3 Rxd3 15. Ne1 Rd2 16. Bc1 Rd7 17. Bxc6 Bxc6 18. f3 Rfd8 19. Ra2 Ne8 20. Rff2 Bf6 21. Rac2 Kf8 22. Rfe2 Nc7 23. Kf2 g6 24. e4 Bd4+ 25. Be3 f6 26. Nd1 Kf7 27. Red2 f5 28. exf5 gxf5 29. Bxd4 Rxd4 30. Rxd4 Rxd4 31. Nb2 e5 32. Nbd3 Kf6 33. Re2 e4 34. Nf4 Ne6 35. Nxe6 Kxe6 36. fxe4 Bxe4 37. Nf3 Rd3 38. Ng5+ Ke5 39. Nxh7 Rf3+ 40. Ke1 Rxb3 41. Ng5 Rxa3 42. Kf2 Rc3 43. h4 Rxc4 44. h5 Kf6 45. Nh3 Rc2 46. Nf4 Rxe2+ 47. Kxe2 Kg5 0-1

[Event "Quebec-ch qual."]
[Site "Gatineau CAN"]
[Date "2012.01.31"]
[Round "4"]
[White "Gagnon, Fabien"]
[Black "Libersan, Mattieu"]
[Result "1-0"]
[WhiteElo "1966"]
[BlackElo "1884"]
[PlyCount "93"]
[GameId "2160767909573210"]
[EventDate "2012.01.??"]
[EventType "swiss"]
[EventRounds "5"]
[EventCountry "CAN"]
[SourceTitle "EXT 2022"]
[Source "ChessBase"]
[SourceDate "2021.10.06"]
[SourceVersion "1"]
[SourceVersionDate "2021.10.06"]
[SourceQuality "1"]

1. Nf3 f5 2. g3 g6 3. Bg2 Bg7 4. c4 Nf6 5. Nc3 d6 6. O-O O-O 7. d3 e5 8. Bg5 c6 9. b4 Nbd7 10. Qb3 h6 11. Bd2 Qe8 12. e4 fxe4 13. dxe4 Qf7 14. Rad1 Nb6 15. c5 Nc4 16. cxd6 Bg4 17. Bc1 Rad8 18. Rd3 Bxf3 19. Bxf3 Rxd6 20. Rxd6 Nxd6 21. Qxf7+ Nxf7 22. Rd1 Rd8 23. Be3 b6 24. Kf1 Bf8 25. a3 Kg7 26. Rxd8 Nxd8 27. Ke2 Ne6 28. Kd3 Kf7 29. h3 c5 30. Kc4 Nd4 31. Bxd4 exd4 32. Nd1 Ke6 33. bxc5 bxc5 34. Nb2 Nd7 35. Bg4+ Kd6 36. Bxd7 Kxd7 37. Kd5 Kc7 38. f4 Kb6 39. g4 Kb5 40. f5 gxf5 41. gxf5 d3 42. Nxd3 c4 43. Ne1 Bxa3 44. e5 c3 45. f6 Kb4 46. e6 Kb3 47. e7 1-0

[Event "Quebec-ch qual."]
[Site "Gatineau CAN"]
[Date "2012.02.07"]
[Round "5"]
[White "Groleau, Gilles"]
[Black "Gagnon, Fabien"]
[Result "1/2-1/2"]
[WhiteElo "1911"]
[BlackElo "1966"]
[PlyCount "122"]
[GameId "2160767909573211"]
[EventDate "2012.01.??"]
[EventType "swiss"]
[EventRounds "5"]
[EventCountry "CAN"]
[SourceTitle "EXT 2022"]
[Source "ChessBase"]
[SourceDate "2021.10.06"]
[SourceVersion "1"]
[SourceVersionDate "2021.10.06"]
[SourceQuality "1"]

1. e4 c5 2. Nc3 a6 3. Bc4 e6 4. d3 b5 5. Bb3 Bb7 6. Nf3 g6 7. O-O Bg7 8. Bg5 f6 9. Be3 Qc7 10. a4 b4 11. Ne2 e5 12. c3 a5 13. cxb4 axb4 14. Qc2 d6 15. d4 Nd7 16. dxc5 Nxc5 17. Rfc1 Rc8 18. Nd2 Qb8 19. Bxc5 Rxc5 20. Qd3 Rxc1+ 21. Rxc1 Bh6 22. Qb5+ Ke7 23. Rc2 Bxd2 24. Rxd2 Nh6 25. Bd5 Bxd5 26. Rxd5 Nf7 27. b3 Ng5 28. Qxb8 Rxb8 29. f3 Ne6 30. Kf1 Nc5 31. Nc1 f5 32. f4 Nxe4 33. fxe5 Ke6 34. Ra5 dxe5 35. Nd3 Nd2+ 36. Ke2 Nxb3 37. Rxe5+ Kd6 38. Ke3 Nc1 39. Ra5 Nxd3 40. Kxd3 b3 41. Rb5 Rxb5 42. axb5 Kc5 43. Kc3 Kxb5 44. Kxb3 Kc5 45. Kc3 Kd5 46. Kd3 Ke5 47. Ke3 g5 48. Kf3 Kd4 49. Kf2 Ke4 50. Ke2 f4 51. Kf2 g4 52. Ke2 h5 53. Kf2 Kd3 54. Kf1 Ke3 55. Ke1 h4 56. Kf1 h3 57. gxh3 gxh3 58. Ke1 f3 59. Kf1 Kf4 60. Kf2 Ke4 61. Kf1 Ke3 1/2-1/2

[Event "RA Autumn op"]
[Site "Ottawa CAN"]
[Date "2012.09.14"]
[Round "1"]
[White "Pacey, Kevin"]
[Black "Wan, Kevin"]
[Result "1-0"]
[WhiteElo "2245"]
[BlackElo "1933"]
[PlyCount "139"]
[GameId "2160767909445158"]
[EventDate "2012.09.14"]
[EventType "swiss"]
[EventRounds "5"]
[EventCountry "CAN"]
[SourceTitle "EXT 2022"]
[Source "ChessBase"]
[SourceDate "2021.10.06"]
[SourceVersion "1"]
[SourceVersionDate "2021.10.06"]
[SourceQuality "1"]

1. e4 e6 2. d4 d5 3. Nc3 Bb4 4. a3 Be7 5. Nf3 Nf6 6. Bd3 c5 7. exd5 Nxd5 8. Nxd5 exd5 9. dxc5 Bxc5 10. h3 Be6 11. O-O h6 12. Nd4 O-O 13. Be3 Bxd4 14. Bxd4 Nc6 15. Be2 Nxd4 16. Qxd4 Rc8 17. c3 b6 18. a4 f5 19. Rfe1 Qf6 20. Qxf6 Rxf6 21. Bf3 Rd8 22. Rad1 Bf7 23. Re5 Rfd6 24. Rd4 g6 25. Re1 Kf8 26. h4 R8d7 27. Kf1 Be6 28. g3 Ke7 29. Red1 Rd8 30. R1d2 R6d7 31. Be2 g5 32. a5 bxa5 33. hxg5 hxg5 34. Ra4 Kf6 35. Rxa5 f4 36. Ra6 fxg3 37. fxg3 Rf8 38. Kg1 Ke7 39. Bb5 Rc7 40. Re2 Rf6 41. Bc6 Kf7 42. Ba8 Rd7 43. Re5 Rg6 44. Raxe6 Rxe6 45. Bxd5 Rxd5 46. Rxd5 Re2 47. Rxg5 Rxb2 48. Ra5 Rb7 49. Kf2 Rc7 50. Ra3 Kf6 51. Ke3 Kg5 52. Kd4 Rd7+ 53. Kc4 Kg4 54. Kb5 Kxg3 55. c4+ Kf4 56. Kc6 Rd4 57. c5 Ke4 58. Rxa7 Rc4 59. Rd7 Ke5 60. Kb6 Ke6 61. Rd3 Rb4+ 62. Kc7 Ke7 63. c6 Rb2 64. Re3+ Kf6 65. Kd7 Rd2+ 66. Kc8 Rc2 67. c7 Kf7 68. Re4 Rc1 69. Kd7 Rd1+ 70. Kc6 1-0

[Event "RA Autumn op"]
[Site "Ottawa CAN"]
[Date "2012.09.14"]
[Round "1"]
[White "Qin, Zi Yi (Joey)"]
[Black "Doubleday, William"]
[Result "1-0"]
[WhiteElo "2145"]
[BlackElo "2089"]
[PlyCount "61"]
[GameId "2160767909445159"]
[EventDate "2012.09.14"]
[EventType "swiss"]
[EventRounds "5"]
[EventCountry "CAN"]
[SourceTitle "EXT 2022"]
[Source "ChessBase"]
[SourceDate "2021.10.06"]
[SourceVersion "1"]
[SourceVersionDate "2021.10.06"]
[SourceQuality "1"]

1. e4 c5 2. Nf3 Nc6 3. Nc3 e5 4. Bc4 Be7 5. d3 Nf6 6. Ne2 O-O 7. Ng3 d5 8. exd5 Nxd5 9. O-O Be6 10. Re1 f6 11. c3 Na5 12. Bb5 Nc7 13. Ba4 b5 14. Bc2 Re8 15. d4 exd4 16. cxd4 Bf7 17. dxc5 Bxc5 18. Rxe8+ Qxe8 19. Bxh7+ Kh8 20. Be4 Rd8 21. Qc2 Bb6 22. b3 Ne6 23. Bb2 Rc8 24. Qd2 Nc6 25. Rc1 Ncd4 26. Rxc8 Nxf3+ 27. gxf3 Qxc8 28. Bxf6 gxf6 29. Qh6+ Kg8 30. Bh7+ Kh8 31. Bg6+ 1-0